[Event "FIDE Chesscom Online Nations Cup"]
[White "Krush, Irina"]
[Black "Ju, Wenjun"]
[Site "Online"]
[Round "10"]
[Annotator "RC"]
[Result "1/2-1/2"]
[Date "2020.05.09"]
[WhiteElo "2392"]
[BlackElo "2610"]
[PlyCount "70"]
[TimeControl "1500+10"]

1. d4 {[%emt 0:0:5]} Nf6 {[%emt 0:0:3]} 2. c4 {[%emt 0:0:3]} e6 {[%emt 0:0:0]} 3. Nc3 {[%emt 0:0:3]} Bb4 {[%emt 0:0:4]} 4. e3 {[%emt 0:0:3]} 0-0 {[%emt 0:0:10]} 5. Bd3 {[%emt 0:0:7]} d5 {[%emt 0:0:26]} 6. Nge2 {[%emt 0:0:0]} c5 {[%emt 0:0:47]} 7. a3 {[%emt 0:0:27]} Bxc3+ {[%emt 0:0:5]} 8. bxc3 {[%emt 0:0:25]} b6 {[%emt 0:1:56]} 9. cxd5 {[%emt 0:0:20]} exd5 {[%emt 0:0:4]
} 10. 0-0 {[%emt 0:0:4]} Ba6 {[%emt 0:0:15]} 11. f3 {[%emt 0:0:0]} Bxd3 {[%emt 0:0:7]} 12. Qxd3 {[%emt 0:0:3]} Re8 {[%emt 0:0:5]} 13. Ng3 {[%emt 0:0:50]} Nc6 {[%emt 0:0:16]} 14. Bb2 {[%emt 0:0:11]} h5 {[%emt 0:1:33]
} 15. Rae1 {[%emt 0:0:35]} Rc8 {[%emt 0:2:17]} 16. e4 {[%emt 0:0:0]} cxd4 {[%emt 0:0:5]} 17. cxd4 {[%emt 0:0:4]} dxe4 {[%emt 0:0:2]} 18. fxe4 {[%emt 0:0:4]} Ne5 {[%emt 0:0:2]} 19. Qb3 {[%emt 0:8:1]} Nc4 {[%emt 0:1:11]
} 20. d5 {[%emt 0:0:16]} Nxb2 {[%emt 0:1:52]} 21. Qxb2 {[%emt 0:0:9]
} Qd6 {[%emt 0:0:12]} 22. e5 {[%emt 0:6:17]} Qc5+ {[%emt 0:0:0]} 23. Kh1 {[%emt 0:0:1]} Nxd5 {[%emt 0:0:5]} 24. Nxh5 {[%emt 0:0:2]} Re6 {[%emt 0:3:20]} 25. Qe2 {[%emt 0:1:11]} Rf8 {[%emt 0:2:42]} 26. Qg4 {[%emt 0:1:28]
} Rg6 {[%emt 0:0:4]} 27. Qf3 {[%emt 0:0:3]} Rh6 {[%emt 0:0:0]} 28. Ng3 {[%emt 0:0:14]} Ne7 {[%emt 0:0:38]} 29. Re4 {[%emt 0:2:29]} Qc6 {[%emt 0:0:47]} 30. Qf2 {[%emt 0:0:35]} Qe6 {[%emt 0:0:52]} 31. Re3 {[%emt 0:0:44]
} b5 {[%emt 0:0:44]} 32. Qe2 {[%emt 0:0:36]} Qc4 {[%emt 0:0:0]} 33. Qf2 {[%emt 0:0:29]} Qe6 {[%emt 0:0:54]} 34. Qe2 {[%emt 0:0:3]} Qc4 {[%emt 0:0:39]} 35. Qf2 {[%emt 0:0:2]} Qe6 {[%emt 0:0:49]} 1/2-1/2